书目信息 |
| 题名: |
车辆变速器及驱动桥设计
|
|
| 作者: | 许兰贵 著 | |
| 分册: | ||
| 出版信息: | 北京 中国水利水电出版社 2018 |
|
| 页数: | 175页 | |
| 开本: | 24cm | |
| 丛书名: | ||
| 单 册: | ||
| 中图分类: | U463.21 | |
| 科图分类: | ||
| 主题词: | 汽车--qi che--变速装置 , 汽车--qi che--驱动桥 | |
| 电子资源: | ||
| ISBN: | 978-7-5170-5887-8 | |
| 000 | 01108nam0 2200265 450 | |
| 001 | 012001000554 | |
| 005 | 20131106114026.0 | |
| 010 | @a978-7-5170-5887-8@dCNY64.00 | |
| 099 | @aCAL 012019000778 | |
| 100 | @a20181114d2018 em y0chiy0121 ea | |
| 101 | 0 | @achi |
| 102 | @aCN@b110000 | |
| 105 | @aak a 000yy | |
| 106 | @ar | |
| 200 | 1 | @a车辆变速器及驱动桥设计@Ache liang bian su qi ji qu dong qiao she ji@f许兰贵著 |
| 210 | @a北京@c中国水利水电出版社@d2018 | |
| 215 | @a175页@c图@d24cm | |
| 320 | @a有书目 (第174-175页) | |
| 330 | @a变速器是汽车传动系最重要的组成部分之一, 其主要用来改变汽车的车速和转矩、使汽车反方向行驶、实现空挡滑行等, 而驱动桥位于汽车传动系统末端, 其性能的好坏直接影响整车性能, 对于载重汽车显得尤为重要。本书对车辆变速器及驱动桥的设计进行了研究, 主要内容包括: 液力变矩器设计、两轴式手动变速器设计、三轴式手动变速器设计、液力机械式自动变速器设计、驱动桥设计等。 | |
| 606 | 0 | @a汽车@Aqi che@x变速装置 |
| 606 | 0 | @a汽车@Aqi che@x驱动桥 |
| 690 | @aU463.21@v5 | |
| 701 | 0 | @a许兰贵@Axu lan gui@4著 |
| 801 | 0 | @aCN@b北京卓展文化@c20191020 |
| 905 | @b1196360-3@dU463.21@e840@f4 | |
| 车辆变速器及驱动桥设计/许兰贵著.-北京:中国水利水电出版社,2018 |
| 175页:图;24cm |
| ISBN 978-7-5170-5887-8:CNY64.00 |
| 变速器是汽车传动系最重要的组成部分之一, 其主要用来改变汽车的车速和转矩、使汽车反方向行驶、实现空挡滑行等, 而驱动桥位于汽车传动系统末端, 其性能的好坏直接影响整车性能, 对于载重汽车显得尤为重要。本书对车辆变速器及驱动桥的设计进行了研究, 主要内容包括: 液力变矩器设计、两轴式手动变速器设计、三轴式手动变速器设计、液力机械式自动变速器设计、驱动桥设计等。 |
| ● |
| 相关链接 |
|
|
|
|
正题名:车辆变速器及驱动桥设计
索取号:U463.21/840
 
预约/预借
| 序号 | 登录号 | 条形码 | 馆藏地/架位号 | 状态 | 备注 |
| 1 | 1196360 | 211963605 | 第二样本阅览室/ [索取号:U463.21/840] | 在馆 | |
| 2 | 1196361 | 211963614 | 第三借阅区/ [索取号:U463.21/840] | 在馆 | |
| 3 | 1196362 | 211963623 | 第三借阅区/ [索取号:U463.21/840] | 在馆 | |
| 4 | 1196363 | 211963632 | 第三借阅区/ [索取号:U463.21/840] | 在馆 |